|
|
|
|
| LEADER |
00000nam0a2200000 4500 |
| 001 |
113114 |
| 005 |
20231031121723.0 |
| 010 |
|
|
|a 5888662593
|
| 035 |
|
|
|a (RuTPU)RU\TPU\book\122348
|
| 090 |
|
|
|a 113114
|
| 100 |
|
|
|a 20070406d2006 k y0rusy50 ca
|
| 101 |
0 |
|
|a rus
|
| 102 |
|
|
|a RU
|
| 105 |
|
|
|a a z 001zy
|
| 200 |
1 |
|
|a Электронно-зондовый рентгеноспектральный микроанализ топливных композиций ядерных энергетических реакторов
|f В. Н. Голованов [и др.]
|
| 210 |
|
|
|a Ульяновск
|c Изд-во Ульяновского ГУ
|d 2006
|
| 215 |
|
|
|a 143 с.
|c ил.
|
| 320 |
|
|
|a Библиогр.: с. 138-142.
|
| 330 |
|
|
|a Монография посвящена вопросам изучения состояния облученного ядерного топлива энергетических реакторов с применением авторских методов и приемов электронно-зондового рентгеноспектрального микроанализа. Представлено краткое описание рентгеновского микроанализатора, разработанного для исследования высокорадиоактивных материалов, рассмотрены методические особенности микроанализа оксидных топливных композиций. Приведены результаты исследования распределения локального выгорания, наработки плутония и продуктов деления в корреляции с изменением микроструктуры по радиусу топливных таблеток после облучения в энергетических реакторах на тепловых нейтронах в номинальных режимах. Представлены количественные характеристики выхода ксенона и цезия из топлива по радиусу таблеток в зависимости от предварительного выгорания и условий облучения. Книга рассчитана на инженеров и научных работников, занимающихся разработкой, производством, эксплуатацией и исследованием твэлов энергетических реакторов на тепловых нейтронах, и студентов высших учебных заведений, специализирующихся в области реакторного материаловедения и экспериментальных методов исследования твердых тел.
|
| 610 |
1 |
|
|a ядерные энергетические установки
|
| 610 |
1 |
|
|a радиоактивные материалы
|
| 610 |
1 |
|
|a исследование
|
| 610 |
1 |
|
|a рентгеновские микроанализаторы
|
| 610 |
1 |
|
|a конструкции
|
| 610 |
1 |
|
|a ТВЭЛы
|
| 610 |
1 |
|
|a продукты деления
|
| 610 |
1 |
|
|a топливо
|
| 610 |
1 |
|
|a выгорание
|
| 610 |
1 |
|
|a компоненты
|
| 610 |
1 |
|
|a радиальное распределение
|
| 610 |
1 |
|
|a ВВЭР
|
| 610 |
1 |
|
|a РБМК-1000
|
| 675 |
|
|
|a 621.039.54
|v 3
|
| 701 |
|
1 |
|a Голованов
|b В. Н.
|
| 701 |
|
1 |
|a Крюков
|b Ф. Н.
|
| 701 |
|
1 |
|a Кузьмин
|b С. В.
|
| 701 |
|
1 |
|a Никитин
|b О. Н.
|
| 801 |
|
1 |
|a RU
|b 63413507
|c 20070406
|g PSBO
|
| 801 |
|
2 |
|a RU
|b 63413507
|c 20200204
|g PSBO
|
| 942 |
|
|
|c BK
|